[Event "St Chely d'Aubrac op 5th"]
[Site "St Chely d'Aubrac"]
[Date "2005.07.15"]
[Round "8"]
[White "Grezes, Yves"]
[Black "Dury, Renaud"]
[Result "1-0"]
[WhiteElo "1760"]
[BlackElo "1770"]
[PlyCount "61"]
[EventDate "2005.07.09"]
[EventType "swiss"]
[EventRounds "9"]
[EventCountry "FRA"]
[SourceTitle "CBM 107 Extra"]
[Source "ChessBase"]
[SourceDate "2005.09.01"]
[SourceVersion "1"]
[SourceVersionDate "2005.09.01"]
[SourceQuality "1"]

1. e4 c6 2. d4 d5 3. exd5 cxd5 4. g3 Nf6 5. Bg2 Bf5 6. Nf3 Qc7 7. Nc3 e6 8. 0-0 Nc6 9. a3 a6 10. Re1 Ne4 11. Ne2 h6 12. Nf4 Be7 13. c4 dxc4 14. Qe2 Na5 15. Nh5 0-0 16. Bf4 Qd8 17. Qe3 Bg4 18. Nxg7 Ng5 19. Ne5 Bh3 20. Nh5 Bxg2 21. Kxg2 Bf6 22. Nxf6+ Qxf6 23. Ng4 Qg6 24. Ne5 Qg7 25. h4 f6 26. Ng4 Nb3 27. Rad1 h5 28. Nxf6+ Qxf6 29. Bxg5 Qf5 30. Qxe6+ Qxe6 31. Rxe6 1-0

[Event "St Chely d'Aubrac op 5th"]
[Site "St Chely d'Aubrac"]
[Date "2005.07.10"]
[Round "2"]
[White "Grezes, Yves"]
[Black "Casasnovas, Vincent"]
[Result "1-0"]
[WhiteElo "1760"]
[BlackElo "1530"]
[PlyCount "71"]
[EventDate "2005.07.09"]
[EventType "swiss"]
[EventRounds "9"]
[EventCountry "FRA"]
[SourceTitle "CBM 107 Extra"]
[Source "ChessBase"]
[SourceDate "2005.09.01"]
[SourceVersion "1"]
[SourceVersionDate "2005.09.01"]
[SourceQuality "1"]

1. e4 d6 2. d4 Nf6 3. Nc3 c6 4. Be2 Nbd7 5. Nf3 e5 6. 0-0 Be7 7. b3 exd4 8. Nxd4 Nc5 9. f3 0-0 10. Kh1 Re8 11. a3 Ne6 12. Be3 a6 13. Nf5 Bf8 14. Qd2 Qc7 15. Rad1 Rd8 16. Na4 c5 17. c3 g6 18. Bg5 Nxg5 19. Qxg5 Bxf5 20. exf5 Bg7 21. fxg6 hxg6 22. Nb2 Nd7 23. Nc4 Bf6 24. Qg3 Ne5 25. f4 Nxc4 26. Bxc4 b5 27. Bd5 Rab8 28. f5 g5 29. h4 Qe7 30. Rde1 Be5 31. Qg4 Kf8 32. f6 Qd7 33. Qxg5 Bxf6 34. Rxf6 Re8 35. Qh6+ Kg8 36. Rg6# 1-0